| 000 | 00999nam0a2200301 4500 | ||
|---|---|---|---|
| 001 | RU\NLR\ONL2\21982 | ||
| 005 | 20250613132320.0 | ||
| 010 |
_a978-5-7696-3626-4 _910000 |
||
| 035 | _a(NLR Aleph) 009669566 | ||
| 090 |
_a9654267 _c9654267 |
||
| 100 | _a20120125d2011 |||y0rusy50 ca | ||
| 101 | 0 | _asah | |
| 102 | _aRU | ||
| 105 | _aa ||||||||| | ||
| 200 | 1 |
_aТаайтарыылаах танха _f[хомуйан онордулар В. И. Бочонина, Т. М. Нохсорова] |
|
| 210 |
_aДьокуускай _cБичик _d2011 |
||
| 215 |
_a155 с. _cил. _d14 |
||
| 541 | 1 |
_aГадания танха _zrus |
|
| 606 | 0 |
_aГадания якутские _92176470 _3RU\NLR\auth-onl\66544 |
|
| 686 | 1 | _aЭ391.9 | |
| 702 | 1 |
_aБочонина _bВ. И. _gВалентина Ивановна _4220 |
|
| 801 | 0 |
_aRU _bNLR _c20120125 _gPSBO |
|
| 852 |
_aNLR _bОНЛ _jЯкут./1-465 |
||
| 942 | _cBOOK | ||
| 980 | _aNB | ||
| 980 | _aONL_RF | ||